Nền kinh tế tri thức (Nhận thức và hành động) : Kinh nghiệm của các nước phát triển và đang phát triển.

Cuốn sách trình bày nhiều khía cạnh nhận thức và thực tiễn của nền kinh tế tri thức ở nhiều nước khác nhau, cho thấy một bức tranh toàn cảnh về sự xuất hiện và những hệ quả của nền kinh tế tri thức...

সংরক্ষণ করুন:
গ্রন্থ-পঞ্জীর বিবরন
বিন্যাস: গ্রন্থ
ভাষা:Vietnamese
প্রকাশিত: Hà Nội : Thống kê, 2000.
বিষয়গুলি:
ট্যাগগুলো: ট্যাগ যুক্ত করুন
কোনো ট্যাগ নেই, প্রথমজন হিসাবে ট্যাগ করুন!
Thư viện lưu trữ: Mạng thư viện Đại học Đà Nẵng
LEADER 01150cam a2200337 i 4500
001 000046696
003 6201
005 20030915091115.0
008 010307b2000 vm 000 vie
020 |c 35500 
022 |a T 
040 |a IRC  |c IRC  |d IRC 
041 0 |a vie 
082 1 4 |a 330.921  |b Nê-K 
245 0 0 |a Nền kinh tế tri thức (Nhận thức và hành động) :  |b Kinh nghiệm của các nước phát triển và đang phát triển. 
260 |a Hà Nội :  |b Thống kê,  |c 2000. 
300 |a 216tr. ;  |c 24cm. 
520 3 |a Cuốn sách trình bày nhiều khía cạnh nhận thức và thực tiễn của nền kinh tế tri thức ở nhiều nước khác nhau, cho thấy một bức tranh toàn cảnh về sự xuất hiện và những hệ quả của nền kinh tế tri thức... 
630 0 4 |a Kinh tế. 
630 0 4 |a Kinh tế tri thức. 
650 0 4 |a Kinh tế học. 
OWN |a DUT 
999 |a From the UDN01 
TYP |a Monograph 
TYP |a Printed language 
980 |a Mạng thư viện Đại học Đà Nẵng